00444 2200181 4500001002100000005001500021035002000036245002400056100001400080250000600094300002400100260003200124082001400156084002000170008004100190650002000231990001100251INLIS00000000000103820240827020609 a0010-01210000431 aPulang /cTere Liye0 aTere Liye a1 aiv+400 hlm ;c20 cm aJakarta :bREPUBLIKA,c2015 a899.221'3 a899.221'3 TER p240827 0  4aFiksi Indonesia a001716